书目信息 |
| 题名: |
数学中考解题技巧与思维方法
|
|
| 作者: | 明田 主编 | |
| 分册: | ||
| 出版信息: | 哈尔滨 黑龙江科学技术出版社 1998.12 |
|
| 页数: | 238页 | |
| 开本: | 32开 | |
| 丛书名: | ||
| 单 册: | ||
| 中图分类: | G622.479 | |
| 科图分类: | ||
| 主题词: | 教育--各级 | |
| 电子资源: | ||
| ISBN: | 7-5388-3384-6 | |
| 000 | 00592nam0 2200193 45 | |
| 001 | 0007261506 | |
| 005 | 20000726152843.2 | |
| 010 | @a7-5388-3384-6@d8.80元 | |
| 100 | @a20000726d1998 km y0chiy0120 ea | |
| 101 | 0 | @achi |
| 105 | @a z 000yy | |
| 200 | 1 | @a数学中考解题技巧与思维方法@AShu Xue Zhong Kao Jie Ti Ji Qiao Yu Si Wei Fang Fa@f明田主编@FMing Tian Zhu Bian |
| 210 | @a哈尔滨@c黑龙江科学技术出版社@d1998.12 | |
| 215 | @a238页@d32开 | |
| 606 | 0 | @a教育@x各级 |
| 690 | @aG622.479@v3 | |
| 701 | 0 | @a明田@4主编 |
| 801 | @aCN@bPftUser@c20000726 | |
| 905 | @b79502-506@dG622.479@eM.462@f5 | |
| 数学中考解题技巧与思维方法/明田主编.-哈尔滨:黑龙江科学技术出版社,1998.12 |
| 238页;32开 |
| ISBN 7-5388-3384-6:8.80元 |
| ● |
| 相关链接 |
|
|
|
正题名:数学中考解题技巧与思维方法
索取号:G622.479/M.462
 
预约/预借
| 序号 | 登录号 | 条形码 | 馆藏地/架位号 | 状态 | 备注 |
| 1 | 79502 | 200795023 | 社科库409/422社科库 42排3列2层/ [索取号:G622.479/M.462] | 在馆 | |
| 2 | 79503 | 200795032 | 社科库409/422社科库 47排3列5层/ [索取号:G622.479/M.462] | 在馆 | |
| 3 | 79504 | 200795041 | 社科库409/409社科库 6排3列1层/ [索取号:G622.479/M.462] | 在馆 | |
| 4 | 79505 | 200795050 | 社科库409/409社科库 6排3列1层/ [索取号:G622.479/M.462] | 在馆 | |
| 5 | 79506 | 200795069 | 社科库409/309社科库 97排4列2层/ [索取号:G622.479/M.462] | 在馆 |